[Event "Arco op 31st"]
[Site "Arco"]
[Date "2009.10.18"]
[Round "2"]
[White "Morselli, Stefano"]
[Black "Ferrari, Michele"]
[Result "1-0"]
[WhiteElo "1921"]
[BlackElo "1827"]
[PlyCount "71"]
[EventDate "2009.10.17"]
[EventType "swiss"]
[EventRounds "9"]
[EventCountry "ITA"]
[SourceTitle "EXT 2010"]
[Source "ChessBase"]
[SourceDate "2010.11.25"]
[SourceVersion "1"]
[SourceVersionDate "2010.11.25"]
[SourceQuality "1"]

1. g3 d5 2. Bg2 e6 3. d3 Nf6 4. Nf3 Be7 5. 0-0 0-0 6. Nbd2 Nbd7 7. Re1 c6 8. e4 dxe4 9. dxe4 e5 10. b3 Bb4 11. Bb2 Re8 12. a3 Ba5 13. b4 Bc7 14. Nc4 Qe7 15. Qd3 b5 16. Ncd2 Nb6 17. Rad1 Na4 18. Ba1 Bg4 19. c4 a6 20. c5 Rad8 21. Qc2 Rd7 22. h3 Bh5 23. g4 Bg6 24. Nh4 Red8 25. Nf5 Bxf5 26. exf5 Nd5 27. Ne4 Nf4 28. Nd6 Nxg2 29. Rxe5 Qg5 30. Kxg2 Bxd6 31. Rxd6 Rxd6 32. cxd6 h5 33. f6 Qg6 34. Qxg6 fxg6 35. fxg7 hxg4 36. d7 1-0

[Event "Arco op 31st"]
[Site "Arco"]
[Date "2009.10.17"]
[Round "1"]
[White "Ferrari, Michele"]
[Black "De Andres Gonalons, Fernando"]
[Result "0-1"]
[WhiteElo "1827"]
[BlackElo "2088"]
[PlyCount "100"]
[EventDate "2009.10.17"]
[EventType "swiss"]
[EventRounds "9"]
[EventCountry "ITA"]
[SourceTitle "EXT 2010"]
[Source "ChessBase"]
[SourceDate "2010.11.25"]
[SourceVersion "1"]
[SourceVersionDate "2010.11.25"]
[SourceQuality "1"]

1. d4 d5 2. e3 Nf6 3. Bd3 c5 4. c3 e6 5. Nd2 Nc6 6. f4 Bd6 7. Ngf3 Qb6 8. Ne5 Bd7 9. 0-0 cxd4 10. Nxd7 Nxd7 11. exd4 Nxd4 12. Kh1 Nc6 13. Qg4 g6 14. Nb3 0-0-0 15. Qe2 Qc7 16. Be3 Kb8 17. Qf2 f5 18. Nd4 Nxd4 19. Bxd4 Bc5 20. Rac1 Qb6 21. Rfe1 Bxd4 22. Qxd4 Qxd4 23. cxd4 Rc8 24. Rcd1 Rhe8 25. Bb5 Rc7 26. Rd2 Rec8 27. Rdd1 Nf6 28. Rxe6 Ne4 29. Kg1 Rc1 30. Rf1 R1c2 31. Bd7 R8c4 32. b3 R4c3 33. a3 Rd2 34. Re7 Rcc2 35. Rxh7 Rxg2+ 36. Kh1 Nf6 37. Rh8+ Kc7 38. Be6 Kd6 39. Re1 Nh5 40. Rd8+ Kc7 41. Rc8+ Kb6 42. Rxc2 Rxc2 43. Bxd5 Nxf4 44. Bc4 Rd2 45. d5 Kc5 46. Kg1 Nh3+ 47. Kh1 g5 48. a4 f4 49. Re2 Rd1+ 50. Kg2 f3+ 0-1

[Event "Arco op 30th"]
[Site "Arco"]
[Date "2008.10.19"]
[Round "2"]
[White "Ferrari, Michele"]
[Black "Schaberg, Wolfgang"]
[Result "0-1"]
[WhiteElo "1825"]
[BlackElo "1932"]
[PlyCount "76"]
[EventDate "2008.10.18"]
[EventType "swiss"]
[EventRounds "9"]
[EventCountry "ITA"]
[SourceTitle "CBM 127 Extra"]
[Source "ChessBase"]
[SourceDate "2009.01.08"]
[SourceVersion "2"]
[SourceVersionDate "2009.01.28"]
[SourceQuality "1"]

1. d4 Nf6 2. Bg5 Ne4 3. Bf4 d5 4. f3 Nf6 5. Bg5 Bf5 6. e3 c6 7. Nd2 Nbd7 8. c4 e6 9. Qb3 Qc7 10. Rc1 Bd6 11. Ne2 0-0 12. c5 Be7 13. Ng3 Rfe8 14. Bf4 Qc8 15. Nxf5 exf5 16. Bd3 Nh5 17. 0-0 Nxf4 18. exf4 Bf6 19. Bxf5 Bxd4+ 20. Kh1 Qc7 21. Bxh7+ Kh8 22. Bb1 Qxf4 23. Qd3 g6 24. Nb3 Be5 25. g3 Qh6 26. f4 Bxb2 27. Rc2 Bg7 28. Re2 Nf6 29. Rfe1 Rxe2 30. Rxe2 Ne4 31. Na5 Qh3 32. Qf3 f5 33. Rg2 Re8 34. Bxe4 fxe4 35. Qe2 Qd7 36. g4 e3 37. Rg3 Bd4 38. Rh3+ Kg8 0-1

[Event "Arco op 29th"]
[Site "Arco"]
[Date "2007.10.22"]
[Round "3"]
[White "Bossoni, Mario"]
[Black "Ferrari, Michele"]
[Result "1/2-1/2"]
[WhiteElo "1993"]
[BlackElo "1819"]
[PlyCount "62"]
[EventDate "2007.10.20"]
[EventType "swiss"]
[EventRounds "9"]
[EventCountry "ITA"]
[SourceTitle "CBM 120 Extra"]
[Source "ChessBase"]
[SourceDate "2007.11.01"]
[SourceVersion "1"]
[SourceVersionDate "2007.11.01"]
[SourceQuality "1"]

1. e4 c6 2. f4 d5 3. exd5 cxd5 4. Nf3 Nf6 5. Bb5+ Bd7 6. Bxd7+ Nbxd7 7. Qe2 Rc8 8. d4 Qc7 9. c3 e6 10. f5 Qd6 11. Ne5 Be7 12. Bf4 Qb6 13. Nxd7 Nxd7 14. fxe6 Qxe6 15. Qxe6 fxe6 16. 0-0 0-0 17. Nd2 g5 18. Bg3 Rxf1+ 19. Rxf1 Rf8 20. Re1 Rf6 21. Nf3 Rg6 22. Ne5 Nxe5 23. Bxe5 Kf7 24. g3 Bf6 25. Bb8 a6 26. Kg2 Rg8 27. Bd6 Rd8 28. Be5 Bxe5 29. Rxe5 h6 30. Kf3 Rg8 31. h3 Rg6 1/2-1/2

[Event "Lugano op"]
[Site "Lugano"]
[Date "2006.11.18"]
[Round "3"]
[White "Tomelleri, Alessio"]
[Black "Ferrari, Michele"]
[Result "1-0"]
[WhiteElo "1972"]
[BlackElo "1843"]
[PlyCount "43"]
[EventDate "2006.11.17"]
[EventType "swiss"]
[EventRounds "5"]
[EventCountry "SUI"]
[SourceTitle "EXT 2008"]
[Source "ChessBase"]
[SourceDate "2007.11.25"]
[SourceVersion "1"]
[SourceVersionDate "2007.11.25"]
[SourceQuality "1"]

1. e4 c5 2. Nc3 Nc6 3. g3 d6 4. Bg2 g6 5. d3 Bg7 6. Be3 Bd7 7. Nge2 e6 8. 0-0 Nd4 9. Qd2 Ne7 10. Nd1 Qc7 11. c3 Nxe2+ 12. Qxe2 0-0 13. Qd2 Rab8 14. Bh6 b5 15. Bxg7 Kxg7 16. h4 h5 17. f4 e5 18. Nf2 Nc6 19. Qe2 b4 20. Rfc1 a5 21. Qc2 Rb5 22. c4 1-0

[Event "Arco op 28th"]
[Site "Arco"]
[Date "2006.10.27"]
[Round "7"]
[White "Giuriato, Sergio"]
[Black "Ferrari, Michele"]
[Result "1-0"]
[WhiteElo "2013"]
[BlackElo "1843"]
[PlyCount "99"]
[EventDate "2006.10.21"]
[EventType "swiss"]
[EventRounds "9"]
[EventCountry "ITA"]
[SourceTitle "EXT 2007"]
[Source "ChessBase"]
[SourceDate "2006.11.23"]
[SourceVersion "1"]
[SourceVersionDate "2006.11.23"]
[SourceQuality "1"]

1. d4 d5 2. c4 e6 3. Nc3 f5 4. g3 c6 5. Bg2 Bd6 6. b3 Nf6 7. Nf3 Nbd7 8. 0-0 0-0 9. Bb2 Ne4 10. Qc2 Qf6 11. Nxe4 fxe4 12. Nd2 h5 13. Rad1 Qh6 14. Bxe4 dxe4 15. Nxe4 Bc7 16. d5 e5 17. d6 Bd8 18. c5 h4 19. Qc4+ Kh8 20. Bc1 Qg6 21. f4 hxg3 22. hxg3 Qf7 23. Qxf7 Rxf7 24. fxe5 Rxf1+ 25. Rxf1 Kg8 26. e6 Nf6 27. Ng5 Ba5 28. e4 Bxe6 29. Nxe6 Nxe4 30. Bf4 Re8 31. Nc7 Bxc7 32. dxc7 Nxc5 33. Rd1 Ne6 34. Rd7 Rc8 35. Bd6 Kh7 36. Kf2 Kg6 37. Ke3 a5 38. Ke4 Kf6 39. Be7+ Kf7 40. Bd6+ Kf6 41. a4 b6 42. Kd3 g6 43. Kc4 Kf5 44. Rf7+ Kg5 45. b4 Kh6 46. b5 c5 47. Kd5 Nd4 48. Be5 g5 49. Bxd4 cxd4 50. Kxd4 1-0

[Event "Arco op 28th"]
[Site "Arco"]
[Date "2006.10.23"]
[Round "3"]
[White "Buck, Klaus Michael"]
[Black "Ferrari, Michele"]
[Result "0-1"]
[WhiteElo "1665"]
[BlackElo "1843"]
[PlyCount "94"]
[EventDate "2006.10.21"]
[EventType "swiss"]
[EventRounds "9"]
[EventCountry "ITA"]
[SourceTitle "EXT 2007"]
[Source "ChessBase"]
[SourceDate "2006.11.23"]
[SourceVersion "1"]
[SourceVersionDate "2006.11.23"]
[SourceQuality "1"]

1. d4 d5 2. c4 e6 3. cxd5 exd5 4. Nc3 c6 5. Bf4 Bd6 6. Bxd6 Qxd6 7. e3 Bf5 8. Bd3 Bxd3 9. Qxd3 Nf6 10. Nge2 0-0 11. h3 Nbd7 12. 0-0 Rfe8 13. Ng3 Re6 14. Qc2 Rae8 15. Rac1 a6 16. Na4 Ne4 17. Nxe4 Rxe4 18. Nc5 Nxc5 19. Qxc5 Qd7 20. Rc3 R8e6 21. Rb3 Rg6 22. Qa7 h6 23. Qb8+ Kh7 24. Rxb7 Qxh3 25. Qh2 Qf5 26. Rb3 Reg4 27. g3 R6g5 28. Qg2 h5 29. Qh2 Kg6 30. Rb6 h4 31. Rxc6+ f6 32. Qg2 Qd3 33. Rc3 Qe2 34. Rb3 Rxg3 35. fxg3 Rxg3 36. Rf2 Qe1+ 37. Kh2 Rxg2+ 38. Rxg2+ Kh6 39. Rb7 g5 40. Rb6 Kg6 41. Rb3 Kh5 42. Rg1 Qf2+ 43. Rg2 Qf5 44. Rb8 Kg6 45. Rb3 g4 46. Rb8 g3+ 47. Kg1 Qb1# 0-1

[Event "Arco op 28th"]
[Site "Arco"]
[Date "2006.10.22"]
[Round "2"]
[White "Ferrari, Michele"]
[Black "Di Lazzaro, Gabriele"]
[Result "0-1"]
[WhiteElo "1843"]
[BlackElo "1986"]
[PlyCount "84"]
[EventDate "2006.10.21"]
[EventType "swiss"]
[EventRounds "9"]
[EventCountry "ITA"]
[SourceTitle "EXT 2007"]
[Source "ChessBase"]
[SourceDate "2006.11.23"]
[SourceVersion "1"]
[SourceVersionDate "2006.11.23"]
[SourceQuality "1"]

1. d4 d5 2. e3 Nf6 3. Bd3 c6 4. Nd2 Bg4 5. f3 Bf5 6. Ne2 Bg6 7. 0-0 Nbd7 8. f4 Bxd3 9. cxd3 e6 10. Ng3 Bd6 11. Nf3 Bc7 12. Bd2 0-0 13. Rc1 a5 14. Ne5 Qe7 15. Be1 c5 16. Nh5 Nxh5 17. Qxh5 Nf6 18. Qh3 cxd4 19. exd4 Bb6 20. Nf3 Qd6 21. f5 Qf4 22. Bc3 Qxf5 23. Qh4 Qg4 24. Qe1 Nd7 25. Kh1 Rac8 26. h3 Qg6 27. Qe2 Qg3 28. Nh2 Bc7 29. Ng4 Qd6 30. Rce1 h5 31. Ne5 f6 32. Nf3 Rfe8 33. Qd2 b6 34. Qf2 Qg3 35. Qg1 Nf8 36. Re2 Ng6 37. Be1 Qd6 38. g3 e5 39. dxe5 Nxe5 40. Nd4 Nxd3 41. Nb5 Qd7 42. Rxe8+ Rxe8 0-1

[Event "Padova op-A 5th"]
[Site "Padova"]
[Date "2002.12.22"]
[Round "6.13"]
[White "Ferrari, Michele"]
[Black "Ricci, Alfredo"]
[Result "1/2-1/2"]
[WhiteElo "1639"]
[BlackElo "1941"]
[PlyCount "87"]
[EventDate "2002.12.14"]
[EventType "swiss"]
[EventRounds "6"]
[EventCountry "ITA"]
[SourceTitle "EXT 2023"]
[Source "ChessBase"]
[SourceDate "2022.10.05"]
[SourceVersion "1"]
[SourceVersionDate "2022.10.05"]
[SourceQuality "1"]

1. d4 d5 2. e3 Nf6 3. Bd3 e6 4. Nd2 Nbd7 5. f4 c5 6. c3 b6 7. Nh3 Bd6 8. 0-0 Bb7 9. Qf3 0-0 10. Ng5 h6 11. Nh3 Nh7 12. Nf2 f5 13. g4 Rb8 14. Kh1 Qh4 15. Rg1 g5 16. Rg3 gxf4 17. exf4 Kh8 18. Rh3 Qf6 19. g5 hxg5 20. Qh5 Qf7 21. fxg5 Qxh5 22. Rxh5 Kg7 23. Nf3 e5 24. Bb5 Rfd8 25. Nh4 Ndf8 26. Rh6 Bc8 27. Bd2 f4 28. dxe5 Bxe5 29. Re1 Nxg5 30. Rxe5 Kxh6 31. Bxf4 Nfh7 32. Bd3 Rf8 33. Ng6 Rxf4 34. Nxf4 Nf6 35. Re7 d4 36. cxd4 Bb7+ 37. d5 Bxd5+ 38. Nxd5 Nxd5 39. Rd7 Nf6 40. Rxa7 Nf3 41. Kg2 Ne1+ 42. Kf1 Nxd3 43. Nxd3 Ng4 44. h3 1/2-1/2

[Event "Padova op-A 5th"]
[Site "Padova"]
[Date "2002.12.15"]
[Round "3.10"]
[White "Navarro, Stefano"]
[Black "Ferrari, Michele"]
[Result "1-0"]
[WhiteElo "1978"]
[BlackElo "1639"]
[PlyCount "95"]
[EventDate "2002.12.14"]
[EventType "swiss"]
[EventRounds "6"]
[EventCountry "ITA"]
[SourceTitle "EXT 2023"]
[Source "ChessBase"]
[SourceDate "2022.10.05"]
[SourceVersion "1"]
[SourceVersionDate "2022.10.05"]
[SourceQuality "1"]

1. e4 c6 2. d4 d5 3. exd5 cxd5 4. c4 Nf6 5. c5 Nc6 6. Nf3 Bg4 7. Bb5 Rc8 8. 0-0 e6 9. Bf4 Be7 10. h3 Bh5 11. Nbd2 0-0 12. Qa4 a6 13. Bd3 Qa5 14. Qxa5 Nxa5 15. a4 Nc6 16. g4 Bg6 17. Bxg6 fxg6 18. Bg5 Rce8 19. Rad1 h6 20. Bh4 Nd7 21. Bg3 Bf6 22. Nb3 Bd8 23. Kg2 Nf6 24. Ne5 Nxe5 25. Bxe5 Ne4 26. Nc1 Bh4 27. Nd3 Rf7 28. f3 Ng5 29. b4 Ref8 30. Bd6 Rxf3 31. Bxf8 Rg3+ 32. Kf2 Ne4+ 33. Ke2 Rg2+ 34. Kf3 Rg3+ 35. Kf4 Kxf8 36. Nf2 Bg5+ 37. Ke5 Bf6+ 38. Kxe6 Ke8 39. Nxe4 dxe4 40. Rfe1 e3 41. Rd3 Bg5 42. d5 Rf3 43. d6 Rf6+ 44. Kd5 Kd7 45. b5 axb5 46. axb5 Rf7 47. c6+ bxc6+ 48. bxc6+ 1-0